00376 a2200121 450000100060000008200190000609000170002510000170004224500470005994200290010699900190013595201000015490839 a796.358092 YUV c43013d43013 aYuvraj Singh aThe Test of My LifecYuvraj SinghhEnglish aCAE NUSTk796.358092 YUV c325912d325912 001040708NFICaCAEbCAEd2017-04-03l0o796.358092 YUVpCAE86140r2017-04-05w2017-04-05yBK